• 首页
  • 本馆介绍
  • 公告通知
  • 最新文献
  • 馆藏检索
  • 电子资源
  • 读者导购
  • 参考咨询
  • 我的图书馆
  • 登录
  • 详细信息显示
  • 放入我的书架
  • 预约/预借图书
  • 作者相关作品
  • 分类相关作品
  • 丛书相关作品
  • 出版社相关作品

书目信息

  • 表格格式
  • 工作单格式
  • 卡片格式
题名:
唱响时代最强音
    
 
作者: 闫永栋 著
分册:  
出版信息: 北京   人民日报出版社  2014
页数: 261页
开本: 24cm
丛书名:
单 册:
中图分类: G239.22
科图分类:
主题词: 党报--编辑工作--研究--中国
电子资源:
ISBN: 978-7-5115-2249-8
000 01179nam0 2200265 450
001 337886
005 20150529084507.48
010    @a978-7-5115-2249-8@dCNY45.00
100    @a20140605d2014 em y0chiy50 ea
101 0  @achi
102    @aCN@b110000
105    @aa z 000yy
106    @ar
200 1  @a唱响时代最强音@Achang xiang shi dai zui qiang yin@d= Research on the editing thoughts of Qiushi journal since the 14th CPC national congress@e十四大以来《求是》杂志编辑思想研究@f闫永栋著@zeng
210    @a北京@c人民日报出版社@d2014
215    @a261页@c图@d24cm
300    @a传媒大学教育基金会支持项目
330    @a本书运用辩证唯物主义观点和矛盾分析方法, 对党的十四大以来《求是》杂志进行抽象、归纳。内容包括: 从《红旗》到《求是》、导向与贴近相统一、对内宣传与对外宣传相统一等。
510 1  @aResearch on the editing thoughts of Qiushi journal since the 14th CPC national congress@zeng
517 1  @a十四大以来《求是》杂志编辑思想研究@Ashi si da yi lai 《 qiu shi 》 za zhi bian ji si xiang yan jiu
606 0  @a党报@x编辑工作@x研究@y中国
690    @aG239.22@v5
701  0 @a闫永栋@Ayan yong dong@4著
801  0 @aCN@b卓展宏图@c20150525
905    @dG239.22@e63@f4
    
    唱响时代最强音= Research on the editing thoughts of Qiushi journal since the 14th CPC national congress:十四大以来《求是》杂志编辑思想研究/闫永栋著.-北京:人民日报出版社,2014
    261页:图;24cm
    传媒大学教育基金会支持项目
    
    ISBN 978-7-5115-2249-8:CNY45.00
    本书运用辩证唯物主义观点和矛盾分析方法, 对党的十四大以来《求是》杂志进行抽象、归纳。内容包括: 从《红旗》到《求是》、导向与贴近相统一、对内宣传与对外宣传相统一等。
●
相关链接 在E读中查询图书 在五车中查询图书 在当当中查询图书 在豆瓣中查询图书


正题名:唱响时代最强音     索取号:G239.22/63         预约/预借

序号 登录号 条形码 馆藏地/架位号 状态 备注
1 856564   208565649   第一样本阅览室/ [索取号:G239.22/63] 在馆    
2 856565   208565658   教育系资料室/ [索取号:G239.22/63] 在馆    
3 856566   208565667   教育系资料室/ [索取号:G239.22/63] 在馆    
4 856567   208565676   第四借阅区/ [索取号:G239.22/63] 在馆    
唐山师范学院图书馆 欢迎您!
大连网信软件有限公司© 版权所有